Normal view
MARC view
Entry Nome pessoal
001 - NÚMERO DE CONTROLE
- campo de controle: 811
003 - IDENTIFICADOR DO NÚMERO DE CONTROLE
- campo de controle: Br
005 - DATA E HORÁRIO DA ÚLTIMA TRANSAÇÃO
- campo de controle: 20250408134255.0
008 - CAMPO DE DADOS FIXOS
- campo de controle de tamanho fixo: 980603|| acnnnaab| aaaa d
035 ## - NÚMERO DE CONTROLE DO SISTEMA
- Número de Controle do Sistema: 98072215124879E18
040 ## - FONTE DA CATALOGAÇÃO
- Instituição da catalogação original: Br
- Instituição que transcreveu o registro: Br
- Convenções de cabeçalho de assunto/tesauros: Br
100 1# - CABEÇALHO--NOME PESSOAL
- Nome pessoal: Company González, Mercé,
- Datas associadas ao nome: 1947-
400 1# - REMISSIVA VER--NOME PESSOAL
- Nome pessoal: González, Mercé Company
- Datas associadas ao nome: 1947-
400 1# - REMISSIVA VER--NOME PESSOAL
- Nome pessoal: Company, Mercé
- Datas associadas ao nome: 1947-
400 1# - REMISSIVA VER--NOME PESSOAL
- Nome pessoal: Company, M.
- Datas associadas ao nome: 1947-
- Forma completa do nome: (Mercé)
400 1# - REMISSIVA VER--NOME PESSOAL
- Nome pessoal: Company i González, Mercè
- Datas associadas ao nome: 1947-
670 ## - FONTE POSITIVA DOS DADOS
- Citação da fonte positiva dos dados: Autor de: A história de Ernesto. 1995.
670 ## - FONTE POSITIVA DOS DADOS
- Citação da fonte positiva dos dados: LC on-line 22/07/98